MARC details
| 000 -CABECERA |
| campo de control de longitud fija |
01909nam a2200289 i 4500 |
| 003 - IDENTIFICADOR DEL NÚMERO DE CONTROL |
| campo de control |
DO-SdBNP |
| 005 - FECHA Y HORA DE LA ÚLTIMA TRANSACCIÓN |
| campo de control |
20250822085955.0 |
| 007 - CAMPO FIJO DE DESCRIPCIÓN FÍSICA--INFORMACIÓN GENERAL |
| campo de control de longitud fija |
ta |
| 008 - DATOS DE LONGITUD FIJA--INFORMACIÓN GENERAL |
| campo de control de longitud fija |
250822t2025 dr 000 0 spa d |
| 020 ## - NÚMERO INTERNACIONAL ESTÁNDAR DEL LIBRO |
| ISBN cancelado o inválido |
9688124035770 |
| 040 ## - FUENTE DE LA CATALOGACIÓN |
| Centro catalogador/agencia de origen |
DO-SdBNP |
| Lengua de catalogación |
spa |
| Centro/agencia transcriptor |
BNPHU |
| Normas de descripción |
rda |
| 041 ## - CÓDIGO DE LENGUA |
| Código de lengua del texto/banda sonora o título independiente |
spa |
| 082 ## - NÚMERO DE LA CLASIFICACIÓN DECIMAL DEWEY |
| Número de clasificación |
xxxx |
| Número de documento/Ítem |
N964 |
| Número de edición |
22 |
| 100 1# - ENTRADA PRINCIPAL--NOMBRE DE PERSONA |
| Nombre de persona |
Núñez, Charlie |
| Término indicativo de función/relación |
autor |
| Código de función/relación |
aut. |
| 9 (RLIN) |
88485 |
| 245 10 - MENCIÓN DE TÍTULO |
| Título |
Por políticos y polìtica : |
| Resto del título |
sin fronteras partidarias / |
| Mención de responsabilidad, etc. |
Charlie Núñez ; prólogo, Darian Várgas |
| 264 #1 - PRODUCCIÓN, PUBLICACIÓN, DISTRIBUCIÓN, FABRICACIÓN Y COPYRIGHT |
| Producción, publicación, distribución, fabricación y copyright |
Santo Domingo : |
| Nombre del de productor, editor, distribuidor, fabricante |
Editora Centenario, |
| Fecha de producción, publicación, distribución, fabricación o copyright |
2025. |
| 300 ## - DESCRIPCIÓN FÍSICA |
| Extensión |
122 páginas |
| Dimensiones |
23 cm. |
| 336 ## - TIPO DE CONTENIDO |
| Término de tipo de contenido |
texto |
| Código de tipo de contenido |
txt |
| Fuente |
rdacontent |
| 337 ## - TIPO DE MEDIO |
| Nombre/término del tipo de medio |
sin mediación |
| Código del tipo de medio |
n |
| Fuente |
rdamedia |
| 338 ## - TIPO DE SOPORTE |
| Nombre/término del tipo de soporte |
volumen |
| Código del tipo de soporte |
nc |
| Fuente |
rdacarrier |
| 500 ## - NOTA GENERAL |
| Nota general |
Incluye datos biográficos del autor en la solapa de la contracubierta. |
| 520 ## - SUMARIO, ETC. |
| Sumario, etc. |
En "Por políticos y política sin fronteras partidarias", Charlie Núñez ofrece una mirada crítica, aguda y sin ataduras a la evolución política dominicana desde la Independencia hasta el presente. A través de una narrativa clara y documentada, el autor analiza los ciclos de auge y decadencia de los principales partidos, los liderazgos que marcaron época, y los cambios sociales que exigen una nueva forma de hacer política.<br/><br/>Desde la gesta de La Trinitaria hasta la era digital, Núñez recorre los caminos de Bosch, Balaguer, Peña Gómez, y más recientemente, figuras como Leonel Fernández, Danilo Medina y Luis Abinader. El libro denuncia la desconexión entre la clase política y la ciudadanía, la fragilidad de las instituciones y la urgencia de una renovación basada en valores, transparencia y participación real.<br/><br/>No es solo un repaso histórico. Es una invitación a la reflexión profunda sobre el país que somos y el futuro que merecemos. |
| 590 ## - NOTA LOCAL (RLIN) |
| Nota local |
Inventariado, 2025/ YL |
| 700 1# - PUNTO DE ACCESO ADICIONAL--NOMBRE DE PERSONA |
| Nombre de persona |
Várgas, Darian |
| Término indicativo de función/relación |
prólogo |
| Código de función/relación |
pr. |
| 9 (RLIN) |
88524 |
| 910 ## - DATOS DE OPCIÓN DEL USUARIO (OCLC) |
| Datos de opción del usuario |
YLockward |
| 942 ## - ELEMENTOS DE PUNTO DE ACCESO ADICIONAL (KOHA) |
| Fuente del sistema de clasificación o colocación |
Dewey Decimal Classification |
| Tipo de ítem Koha |
Libro |